| 000 | 00525nam a2200193 4500 | ||
|---|---|---|---|
| 001 | 23120 | ||
| 005 | 20230410115436.0 | ||
| 008 | 060907n2001 dr spa | ||
| 020 | _a0471389528 | ||
| 035 | _9funglode23287 | ||
| 041 | _aEN | ||
| 050 | 1 | 4 | _aHD 62.6 M478t 2001 |
| 100 | _aMcLaughlin, Thomas A. | ||
| 245 | 1 |
_aTrade secrets for nonprofit managers / _cThomas A. McLaughlin |
|
| 260 |
_aNew York : _bJohn Wiley & Sons, _c2001 |
||
| 300 | _a224 p | ||
| 440 | _aWiley nonprofit series | ||
| 942 |
_2lcc _cbk |
||
| 999 |
_c41258 _d41258 |
||